000
00375nam a2200133Ia 4500
003
GCL
008
140319s9999 xx 000 0 ara d
040
_a
GCL /
_c
GCL
082
0
4
_a
133.9
_b
ا ت
245
1
0
_a
تحضير الارواح: الاتصال بالموتى او تجسد الارواح
260
_a
[S.N] :
_b
جروس برس ،
_c
1991
300
_a
167 ص
490
_a
999
_c
59145
_d
59145